000 01083cam a2200301 a 4500
001 12112984
005 20180201085851.0
008 000719s1999 enkab b 001 0 eng d
010 _a 00697936
020 _a0415158753 (hbk.)
020 _a0415158761 (pbk.)
035 _a(OCoLC)ocm41652130
040 _aESU
_cESU
_dAZS
_dIQU
_dVVC
_dDLC
041 _aeng
042 _alccopycat
080 _a306.47 MIR
082 0 0 _a306.47 MIR
_222
100 1 _a50
101 _aSOC
245 1 3 _aAn introduction to visual culture /
_cNicholas Mirzoeff.
246 3 0 _aVisual culture
504 _aIncludes bibliographic references and index.
906 _a7
_bcbc
_ccopycat
_d2
_encip
_f20
_gy-gencatlg
942 _2ddc
_cBK
999 _c41554
_d41554